The concept of law
محفوظ في:
| المؤلف الرئيسي: | |
|---|---|
| التنسيق: | كتاب |
| اللغة: | Undetermined |
| منشور في: |
Oxford
Oxford University Press
1997
|
| الموضوعات: | |
| الوسوم: |
إضافة وسم
لا توجد وسوم, كن أول من يضع وسما على هذه التسجيلة!
|
| Thư viện lưu trữ: | Trung tâm Học liệu Trường Đại học Cần Thơ |
|---|
| LEADER | 00497nam a2200205Ia 4500 | ||
|---|---|---|---|
| 001 | CTU_65483 | ||
| 008 | 210402s9999 xx 000 0 und d | ||
| 020 | |b 406000 | ||
| 082 | |a 340.1 | ||
| 082 | |b H325 | ||
| 100 | |a Hart, H L A | ||
| 245 | 4 | |a The concept of law | |
| 245 | 0 | |c H L A Hart | |
| 260 | |a Oxford | ||
| 260 | |b Oxford University Press | ||
| 260 | |c 1997 | ||
| 650 | |a Law | ||
| 650 | |x Philosophy | ||
| 904 | |i TUYẾN | ||
| 980 | |a Trung tâm Học liệu Trường Đại học Cần Thơ | ||